| 000 | 02041nam a22003257a 4500 | ||
|---|---|---|---|
| 999 |
_c21757 _d21757 |
||
| 003 | AR-CdUCM | ||
| 008 | 190425b ||||| |||| 00| 0 spa d | ||
| 040 |
_aMUNICIPALIDAD PROVINCIAL DEL CUSCO _cBIBLIOTECA MUNICIPAL DEL CUSCO |
||
| 082 | _aRev.Univ/N°103/1952 | ||
| 110 |
_aUniversidad Nacional de San Antonio Abad del Cusco _915942 |
||
| 245 |
_aRevista Universitaria : _bÓrgano de la Universidad del Cuzco / |
||
| 260 |
_aCusco : _bH.G. Rozas, _c1952. |
||
| 300 |
_a337 páginas. : _c20 cm. |
||
| 440 |
_aRevista Universitaria _nAño XLI, 2° semestre 1952, N°103. _945986 |
||
| 505 | _aContenido: El tratado interamericano de asistencia reciproca. Luis Felipe Paredes. -- En defensa del libertador Simón Bolívar, Luis Velazco Aragón. -- Ajimeces de la ciudad del Cuzco. Manuel Solar C. -- Algunos aspectos de la evolución del derecho de minas en el Perú. Carlos Valer. -- La bandera de la conquista. Jorge Cornejo Bouroncle. -- La maldición de una madre. tradición cusqueña de la época del Obispo Pérez y Grado. Ángel Carreño. -- El estado de necesidad y la responsabilidad extracontractual en el derecho civil. José Ugarte Alcázar. -- Ollantaytambo. Manuel Antonio Astete Abrill. -- Imagen de Ruben Dario. Raúl Vallejos. -- Análisis del agua termal de Machupicchu. Alfredo Catacora Morales. -- Libros folletos y revistas recibidos en canje por la Biblioteca Central de la Universidad Central de la Universidad del Cuzco año 1952. Crónica universitaria. | ||
| 650 |
_aSimón Bolívar _91694 |
||
| 650 |
_aAjimez _945987 |
||
| 650 |
_aDerecho minero _94035 |
||
| 650 |
_aOllantaytambo _93165 |
||
| 650 |
_aTradiciones cusqueñas _931110 |
||
| 650 |
_aAguas termales _945988 |
||
| 700 |
_aCornejo Bouroncle, Jorge _915278 |
||
| 700 |
_aAstete Abrill, Antonio _932447 |
||
| 700 |
_aCarreño, Ángel _927901 |
||
| 700 |
_aUgarte Alcázar, José _945989 |
||
| 700 |
_aVelazco Aragón, Luis _930611 |
||
| 710 |
_aUniversidad Nacional de San Antonio Abad del Cusco _915942 |
||
| 942 |
_2ddc _cPP |
||
| 945 | _arac | ||